| 000 | 00584nam a2200181 i 4500 | ||
|---|---|---|---|
| 001 | 109134 | ||
| 003 | ES-MaACL | ||
| 005 | 20230906184800.0 | ||
| 007 | t| | ||
| 008 | 061121s1916 sp r ||||1| spa d | ||
| 100 | 1 |
_aOliver-Copóns, Eduardo. _986834 |
|
| 245 | 1 | 3 |
_aEl Alcázar de Segovia _b: (monografía histórica) / _cEduardo Oliver-Copóns. |
| 260 |
_aValladolid : _b[s.n.], _c1916 ( _fImp. Castellana) |
||
| 300 |
_aXVII, 406 p. ; _c27 cm. |
||
| 610 | 2 | 4 |
_aAlcazar de Segovia. _9144546 |
| 651 | 4 |
_aSegovia- _xEdificios, estructuras, etc. _9144548 |
|
| 852 |
_aES-MaACL _jC-2089 |
||
| 999 |
_c109134 _d109134 |
||